| 000 | 00942nmc a2200301 a 4500 | ||
|---|---|---|---|
| 003 | AR-BaBNM | ||
| 005 | 20251128202723.0 | ||
| 008 | 235020s2003 ||||||||||||||000 | spa|| | ||
| 020 | _a87-7112-481-5 | ||
| 040 | _cAR-BaBNM | ||
| 245 | 1 | 0 |
_aAbriendo la escuela _blingüística aplicada a la enseñanza de lenguas |
| 260 |
_aMadrid _bEdiciones Morata _c2003 _bPROEIB-Andes _bInWent |
||
| 300 | 0 | _a263 p. | |
| 490 | 0 | _aPedagogía. Educación, culturas y lenguas en América Latina | |
| 504 | _aBibliografía al final de cada capítulo | ||
| 650 | 4 | _aEDUCACION BILINGUE | |
| 650 | 4 | _aENSENANZA DE SEGUNDA LENGUA | |
| 650 | 4 | _aESPANOL | |
| 650 | 4 | _aPROCESO DE APRENDIZAJE | |
| 650 | 4 | _aLINGUISTICA | |
| 651 | 4 | _aAmérica Latina | |
| 653 | 0 | _aADQUISICION DEL LENGUAJE | |
| 653 | 0 | _aENSENANZA DE LA LENGUA | |
| 700 | 1 |
_aJung, Ingrid _ecompilador |
|
| 700 | 1 |
_aLópez, Luis Enrique _ecompilador |
|
| 942 | _cBK | ||
| 998 | _cme-solo cat | ||
| 999 |
_c248 _d248 |
||